Personnages de Seven Deadly Sins par images - Statistiques

Statistiques générales
  • Ce quiz a été pris 1 447 fois
  • Le résultat moyen est 13 sur 20
Statistiques - réponses
Par images Réponse % Correct
Meliodas
100%
Ban
86%
Elisabeth
83%
Escanor
83%
Diane
82%
Arthur Pendragon
79%
Merlin
79%
King
77%
Zeldris
69%
Gowther
68%
Hawk
66%
Gilthunder
58%
Estarossa
56%
Elaine
52%
Dreyfus
39%
Monspeet
39%
Oslo
39%
Hendrickson
37%
Griamore
34%
Matrona
32%
Aucun quiz correspondant
Distribution des résultats
% des personnes avec chaque résultat
Percentile par nombre de réponses
Votre historique - résultats
Vous n’avez pas pris ce quiz